[Event "Rhein Main op 08th"]
[Site "Bad Homburg"]
[Date "2005.05.27"]
[Round "4"]
[White "Goesswein, Dorothee"]
[Black "Hunger, Stefan"]
[Result "1-0"]
[WhiteElo "1279"]
[BlackElo "1529"]
[PlyCount "29"]
[EventDate "2005.05.25"]
[EventType "swiss"]
[EventRounds "7"]
[EventCountry "GER"]
[SourceTitle "EXT 2006"]
[Source "ChessBase"]
[SourceDate "2005.11.24"]
[SourceVersion "1"]
[SourceVersionDate "2005.11.24"]
[SourceQuality "1"]

1. e4 c5 2. Nf3 d6 3. d4 cxd4 4. Nxd4 Nf6 5. Nc3 a6 6. Bc4 e6 7. Bg5 Be7 8. Qd2 b5 9. Bb3 Bb7 10. f3 Nbd7 11. h4 e5 12. Nf5 Nc5 13. Nxg7+ Kf8 14. Bh6 Kg8 15. Qg5 1-0

[Event "Rhein Main op 08th"]
[Site "Bad Homburg"]
[Date "2005.05.25"]
[Round "1"]
[White "Hunger, Stefan"]
[Black "Hillgaertner, Walter"]
[Result "0-1"]
[WhiteElo "1529"]
[BlackElo "2033"]
[PlyCount "62"]
[EventDate "2005.05.25"]
[EventType "swiss"]
[EventRounds "7"]
[EventCountry "GER"]
[SourceTitle "EXT 2006"]
[Source "ChessBase"]
[SourceDate "2005.11.24"]
[SourceVersion "1"]
[SourceVersionDate "2005.11.24"]
[SourceQuality "1"]

1. e4 c5 2. Nf3 Nc6 3. d4 cxd4 4. Nxd4 e5 5. Nb5 d6 6. N1c3 a6 7. Na3 Be7 8. Bd3 Be6 9. Nd5 Nf6 10. c4 0-0 11. Nc2 Rb8 12. Qe2 Nd7 13. Be3 Nc5 14. Bxc5 dxc5 15. Nxe7+ Qxe7 16. Ne3 Nd4 17. Qd2 Rbd8 18. Nd5 Bxd5 19. cxd5 b5 20. b3 Rc8 21. Rc1 Qh4 22. 0-0 h6 23. f4 exf4 24. Rxf4 Qg5 25. Qf2 Qe5 26. Qd2 Rc7 27. Rc3 Rfc8 28. Qc1 c4 29. bxc4 b4 30. Rb3 Nxb3 31. axb3 Qd4+ 0-1